| 000 | 00390nam a22001337a 4500 | ||
|---|---|---|---|
| 040 | _cNUST | ||
| 082 | _a200 THE | ||
| 100 |
_aMUHAMMAD ABUBAKAR MUNIR _9108172 |
||
| 110 |
_aDR AFZAAL MALIK _991328 |
||
| 245 | _aTH-SOF-0871-PATH PLANNING OF MICRO AIR VEHICLE IN STATIC ENVIRONMENT | ||
| 260 |
_aISLAMABAD: _bNUST COLLEGE OF EME, _c2013. |
||
| 650 |
_aMS-MECH-60 _991329 |
||
| 942 |
_2ddc _cTHE |
||
| 999 |
_c593062 _d593062 |
||